|
|
|
|
| LEADER |
00926cam a2200253 7i4500 |
| 001 |
0000021424 |
| 005 |
20191024090000.0 |
| 008 |
081031 eng |
| 020 |
|
|
|a 1905209290 (hbk.)
|
| 020 |
|
|
|a 9781905209293
|
| 050 |
0 |
0 |
|a TJ1058 KRY 2007
|
| 090 |
0 |
0 |
|a TJ1058
|b .K79 2007
|
| 100 |
1 |
|
|a Krysinski, Tomasz
|
| 245 |
1 |
0 |
|a Mechanical vibrations :
|b active and passive control
|c Tomasz Krysinski, Francois Malburet.
|
| 260 |
|
|
|a London:
|b ISTE Ltd.,
|c 2007.
|
| 300 |
|
|
|a xxii, 367 p.:
|b ill.;
|c 24 cm.
|
| 504 |
|
|
|a Includes bibliographical references and index
|
| 650 |
0 |
0 |
|a Structural control
|
| 650 |
0 |
0 |
|a Rotors --
|x vibration
|
| 650 |
0 |
0 |
|a Damping (Mechanics)
|
| 700 |
1 |
|
|a Malburet, Francois
|
| 997 |
|
|
|a Engineering & Life Sciences, Faculty
|b Engineering, Department
|
| 999 |
|
|
|a 0000032205
|b BOK
|c OPEN SHELF
|e 2nd Floor, Bestari Jaya
|
| 999 |
|
|
|a 0000034436
|b BOK
|c OPEN SHELF
|e 2nd Floor, Bestari Jaya
|